000 00981nam a2200313 u 4500
001 000020289
003 DO-SdBNP
005 20240710134528.0
007 000020289
008 100804s2005 cl a r 00 0 spa d
020 _a8430522530
040 _aBPMSU
_bspa
_cBPMSU
082 4 _a808.831
_bT796m 1985
_222
245 0 0 _aLos 365 mejores cuentos de la abuelita :
_b¡uno para cada día!
246 1 3 _aLos trescientos sesenta y cinco mejores cuentos de la abuelita
_b¡uno para cada día !
260 _aMadrid :
_bSusaeta Ediciones,
_c
300 _a(En varias paginaciones).
_bils. ;
_c29 cm.
590 _aInventariado, 2024/VM
650 4 _aCuentos infantiles
_vColecciones
650 4 _aLiteratura infantil
700 _a
_e
710 2 _aZamora Editores Ltda (Colombia)
910 _aVMateo V. Control de calidad. BPMSU
942 _2ddc
_cBK
956 _a
_b
_c
_l
_h
956 _a
_b
_c
_l
_h
956 _a
_b
_c
_l
_h
956 _a
_b
_c
_l
_h
999 _c14727
_d14727